[Event "Calcutta"]
[Site "?"]
[Date "1998.??.??"]
[Round "9"]
[White "Yurtaev Leonid"]
[Black "Adianto Utut"]
[Result "1-0"]
[WhiteElo "2520"]
[BlackElo "2615"]
[PlyCount "105"]
[EventDate "1998.??.??"]
[Source "www.chesslib.no"]
[SourceDate "2004.05.04"]

1. e4 c6 2. d4 d5 3. Nc3 dxe4 4. Nxe4 Bf5 5. Ng3 Bg6 6. h4 h6 7. Bc4 e6 8. Nh3 Bd6 9. Nf4 Bxf4 10. Bxf4 Nf6 11. h5 Bh7 12. O-O Nbd7 13. Re1 O-O 14. a4 Nd5 15. Bd6 Re8 16. Bd3 Bxd3 17. Qxd3 N7b6 18. Bc5 Nd7 19. Ne4 Nxc5 20. dxc5 b6 21. Qd4 Rb8 22. Rad1 e5 23. Qc4 Qh4 24. cxb6 Nxb6 25. Qxc6 Rec8 26. Qb5 Qxh5 27. b3 Rc7 28. Ng3 Qg6 29. Qxe5 Qxc2 30. a5 Na8 31. Rd7 Kh7 32. Nh5 Rg8 33. Rd8 Rc8 34. Rxc8 Qxc8 35. b4 a6 36. b5 axb5 37. Qxb5 Nc7 38. Qd3+ Kh8 39. Re7 Ne6 40. Rxf7 Ng5 41. Rd7 Qe8 42. Nf4 Qe1+ 43. Kh2 Qe5 44. g3 Qf6 45. Ng6+ Kh7 46. Ne5+ Kh8 47. f4 Rb8 48. Ng6+ Kg8 49. fxg5 Qxg5 50. Ne7+ Kf8 51. Rd8+ Rxd8 52. Qxd8+ Kf7 53. Qd5+ 1-0

[Event "Calcutta"]
[Site "?"]
[Date "1998.??.??"]
[Round "7"]
[White "Komliakov Viktor"]
[Black "Adianto Utut"]
[Result "0-1"]
[WhiteElo "2510"]
[BlackElo "2615"]
[PlyCount "78"]
[EventDate "1998.??.??"]
[Source "www.chesslib.no"]
[SourceDate "2004.05.04"]

1. e4 c6 2. d4 d5 3. Nc3 dxe4 4. Nxe4 Bf5 5. Ng3 Bg6 6. h4 h6 7. h5 Bh7 8. Nf3 Nf6 9. Bd3 Bxd3 10. Qxd3 e6 11. Ne5 Nbd7 12. Nxd7 Qxd7 13. Ne4 O-O-O 14. Be3 Qd5 15. f3 Nxh5 16. O-O-O Nf6 17. Nxf6 gxf6 18. c4 Qa5 19. Kb1 h5 20. g4 h4 21. d5 Bc5 22. Bd2 Bb4 23. Bxb4 Qxb4 24. Qe3 exd5 25. cxd5 Rxd5 26. Rxd5 cxd5 27. a3 Qb6 28. Qf4 h3 29. Rc1+ Kd7 30. Qf5+ Qe6 31. Qc2 Ke7 32. Qc5+ Qd6 33. Re1+ Kd7 34. Qxa7 Qc6 35. Rc1 h2 36. Rxc6 Kxc6 37. Qa4+ Kc7 38. Qf4+ Kd7 39. Qa4+ Ke6 0-1

[Event "Corr"]
[Site "?"]
[Date "2000.??.??"]
[Round "?"]
[White "Martin Clemente Joel"]
[Black "Mercadal Benejam Josep"]
[Result "1/2-1/2"]
[WhiteElo "2570"]
[BlackElo "2515"]
[PlyCount "40"]
[EventDate "2000.??.??"]
[Source "www.chesslib.no"]
[SourceDate "2004.05.04"]

1. e4 c6 2. d4 d5 3. Nc3 dxe4 4. Nxe4 Bf5 5. Ng3 Bg6 6. h4 h6 7. Nh3 Nd7 8. Nf4 Bh7 9. Bc4 Ngf6 10. c3 Nb6 11. Bd3 Bxd3 12. Qxd3 e6 13. Bd2 Bd6 14. Nfh5 Nxh5 15. Nxh5 g6 16. Ng3 Qd7 17. Ne4 Be7 18. Bf4 O-O-O 19. Be5 Rhg8 20. Bf6 Nd5 1/2-1/2

[Event "Graz"]
[Site "?"]
[Date "2006.11.03"]
[Round "1"]
[White "Bokros Albert"]
[Black "Erenburg Sergey"]
[Result "1/2-1/2"]
[WhiteElo "2460"]
[BlackElo "2582"]
[PlyCount "100"]
[EventDate "2006.??.??"]
[Source "www.chesslib.no"]
[SourceDate "2004.05.04"]

1. e4 c6 2. d4 d5 3. Nc3 dxe4 4. Nxe4 Bf5 5. Ng3 Bg6 6. h4 h6 7. h5 Bh7 8. Nf3 e6 9. Bd3 Bxd3 10. Qxd3 Nf6 11. Bf4 Bb4+ 12. c3 Bd6 13. Bxd6 Qxd6 14. O-O-O Nbd7 15. Kb1 O-O 16. Ne4 Nxe4 17. Qxe4 Nf6 18. Qe5 Rfd8 19. Qxd6 Rxd6 20. Ne5 Rad8 21. Kc2 Rd5 22. f4 Ne4 23. Rde1 f5 24. g4 Nf2 25. Rhg1 Nxg4 26. Nxg4 fxg4 27. Rxg4 Rxh5 28. Rxe6 Rd7 29. f5 Rf7 30. f6 Rg5 31. Rxg5 hxg5 32. fxg7 Rf2+ 33. Kd3 Rxb2 34. Rg6 Rxa2 35. c4 Ra3+ 36. Ke4 Rc3 37. c5 a5 38. Rxg5 a4 39. Rg2 a3 40. Ke5 Rd3 41. Ke4 Rb3 42. Ra2 Rh3 43. Rg2 Rc3 44. Ke5 Re3+ 45. Kd6 Rb3 46. Ra2 Kxg7 47. d5 Rd3 48. Kc7 cxd5 49. Kxb7 Rb3+ 50. Kc6 d4 1/2-1/2

[Event "Ekblom Memorial"]
[Site "Ekblom Mem"]
[Date "1996.??.??"]
[Round "?"]
[White "Mannermaa, Jari"]
[Black "Kluegel, Jens Uwe"]
[Result "1/2-1/2"]
[WhiteElo "2500"]
[BlackElo "2535"]
[PlyCount "42"]
[EventDate "1996.??.??"]
[Source "www.chesslib.no"]
[SourceDate "2004.05.04"]

1. e4 c6 2. d4 d5 3. Nc3 dxe4 4. Nxe4 Bf5 5. Ng3 Bg6 6. h4 h6 7. h5 Bh7 8. Nf3 Nf6 9. Bd3 Bxd3 10. Qxd3 e6 11. Bd2 Bd6 12. Ne4 Nxe4 13. Qxe4 Nd7 14. O-O-O Nf6 15. Qe2 Qc7 16. g3 O-O-O 17. c4 Qe7 18. Ne5 Bc7 19. Bc3 Nd7 20. f4 Nxe5 21. dxe5 Rxd1+ 1/2-1/2

[Event "Corr"]
[Site "?"]
[Date "1999.09.15"]
[Round "?"]
[White "Martin Clemente Joel (ESP)"]
[Black "Sampieri Maurizio"]
[Result "1-0"]
[WhiteElo "2561"]
[BlackElo "2466"]
[PlyCount "121"]
[EventDate "1999.??.??"]
[Source "www.chesslib.no"]
[SourceDate "2004.05.04"]

1. e4 c6 2. d4 d5 3. Nc3 dxe4 4. Nxe4 Bf5 5. Ng3 Bg6 6. h4 h6 7. N1e2 e6 8. Nf4 Bh7 9. Bc4 Nf6 10. Qe2 Bd6 11. Ngh5 O-O 12. Be3 Nbd7 13. O-O-O Qc7 14. Bd3 Bxd3 15. Nxd3 Nxh5 16. Qxh5 Nf6 17. Qe2 Qa5 18. Kb1 Qf5 19. h5 a5 20. Rdg1 Qb5 21. g4 Nd5 22. Bd2 Be7 23. g5 Bxg5 24. Qg4 Nf6 25. Qg2 Nh7 26. Nc5 Rfd8 27. Be3 a4 28. a3 Rac8 29. f4 Bf6 30. Ne4 Qf5 31. Nxf6+ Qxf6 32. Bf2 Kh8 33. Bh4 Qxd4 34. Bxd8 Rxd8 35. Rh4 Qf6 36. Rg4 Rg8 37. Qg3 b5 38. Qg2 c5 39. Qb7 b4 40. axb4 cxb4 41. Qxb4 Qd8 42. R4g3 Nf6 43. Ra3 Qc7 44. Rc3 Qa7 45. Qc5 Ra8 46. Qxa7 Rxa7 47. Rc4 Nxh5 48. Ka2 g6 49. Ka3 Kg7 50. Rxa4 Rb7 51. Rd4 Kf6 52. b4 Kf5 53. c4 Nxf4 54. Rxf4+ Kxf4 55. b5 Ke5 56. Rd1 Ra7+ 57. Kb4 Ra2 58. b6 Rb2+ 59. Ka5 Ra2+ 60. Kb5 Rb2+ 61. Kc6 1-0

[Event "Kavala"]
[Site "?"]
[Date "2006.07.07"]
[Round "5"]
[White "Haznedaroglu Kivanc"]
[Black "Svetushkin Dmitry"]
[Result "0-1"]
[WhiteElo "2454"]
[BlackElo "2569"]
[PlyCount "106"]
[EventDate "2006.??.??"]
[Source "www.chesslib.no"]
[SourceDate "2004.05.04"]

1. e4 c6 2. d4 d5 3. Nc3 dxe4 4. Nxe4 Bf5 5. Ng3 Bg6 6. h4 h6 7. Nh3 Nf6 8. Nf4 Bh7 9. Bc4 e6 10. Qe2 Bd6 11. Ngh5 Nxh5 12. Nxh5 Rg8 13. Bf4 Bg6 14. Bxd6 Qxd6 15. O-O-O Nd7 16. g3 Nb6 17. Nf4 Nxc4 18. Qxc4 Bf5 19. Qa4 Ke7 20. Rhe1 Rgc8 21. Qb3 Kf8 22. Qf3 Kg8 23. g4 Bh7 24. Rg1 c5 25. d5 e5 26. Nh5 c4 27. Qc3 Bg6 28. f4 f6 29. fxe5 Qxe5 30. Qxe5 fxe5 31. d6 Rc6 32. Rge1 c3 33. b3 Rd8 34. Rxe5 Rcxd6 35. Rxd6 Rxd6 36. Re7 Bf7 37. Ng3 Rg6 38. g5 hxg5 39. hxg5 b5 40. a3 Ra6 41. Ne4 b4 42. a4 Ra5 43. Rb7 Rf5 44. Kb1 a5 45. Rb6 Kh7 46. Rb7 Rf4 47. Re7 Bg6 48. Nf6+ Kh8 49. Ne8 Rf1+ 50. Ka2 Bxc2 51. Nxg7 Bb1+ 52. Ka1 Bg6+ 53. Ka2 c2 0-1

[Event "Lenk op"]
[Site "?"]
[Date "1999.??.??"]
[Round "8"]
[White "Brendel Oliver"]
[Black "Tukmakov Vladimir B"]
[Result "0-1"]
[WhiteElo "2404"]
[BlackElo "2581"]
[PlyCount "56"]
[EventDate "1999.??.??"]
[Source "www.chesslib.no"]
[SourceDate "2004.05.04"]

1. e4 c6 2. d4 d5 3. Nc3 dxe4 4. Nxe4 Bf5 5. Ng3 Bg6 6. h4 h6 7. Nh3 Nf6 8. Nf4 Bh7 9. Bc4 Nd5 10. Bxd5 cxd5 11. O-O Nc6 12. Re1 Qd7 13. a3 e6 14. Ngh5 O-O-O 15. Be3 Be7 16. Nxg7 Rhg8 17. Ngh5 Bxh4 18. Nd3 Be4 19. g3 e5 20. Nc5 Qh3 21. Nxe4 dxe4 22. d5 Bxg3 23. Nxg3 Rxg3+ 24. fxg3 Qxg3+ 25. Kf1 Qh3+ 26. Kf2 Qh2+ 27. Kf1 Rg8 28. Bf2 Nd4 0-1

[Event "Moscow RUS"]
[Site "?"]
[Date "2005.02.20"]
[Round "6"]
[White "Pridorozhni Aleksei"]
[Black "Arutinian David"]
[Result "1/2-1/2"]
[WhiteElo "2521"]
[BlackElo "2448"]
[PlyCount "53"]
[EventDate "2005.??.??"]
[Source "www.chesslib.no"]
[SourceDate "2004.05.04"]

1. e4 c6 2. Nc3 d5 3. d4 dxe4 4. Nxe4 Bf5 5. Ng3 Bg6 6. h4 h6 7. Nh3 e6 8. Nf4 Bh7 9. Bc4 Nf6 10. c3 Nd5 11. Qe2 Be7 12. Ngh5 Rg8 13. Qe5 Bd6 14. Qe2 Qe7 15. Nxd5 cxd5 16. Bd3 Bxd3 17. Qxd3 Nc6 18. Bf4 O-O-O 19. Bxd6 Qxd6 20. Qg3 Qxg3 21. Nxg3 g6 22. Ne2 Ne7 23. f3 Nf5 24. Kf2 Kd7 25. Nf4 Ke7 26. Nd3 Rc8 27. g3 1/2-1/2

[Event "Corr"]
[Site "?"]
[Date "2002.06.15"]
[Round "?"]
[White "Marcinkiewicz Aleksander (POL"]
[Black "Huuskonen Matti (FIN)"]
[Result "0-1"]
[WhiteElo "2454"]
[BlackElo "2510"]
[PlyCount "138"]
[EventDate "2002.??.??"]
[Source "www.chesslib.no"]
[SourceDate "2004.05.04"]

1. e4 c6 2. d4 d5 3. Nc3 dxe4 4. Nxe4 Bf5 5. Ng3 Bg6 6. h4 h6 7. Nh3 Nf6 8. Nf4 Bh7 9. c3 e6 10. Bd3 Bxd3 11. Nxd3 Bd6 12. Nh5 O-O 13. Nxf6+ Qxf6 14. g4 e5 15. dxe5 Bxe5 16. g5 Bxc3+ 17. Kf1 Qf5 18. bxc3 Rd8 19. Ke2 Nd7 20. Qg1 Nf6 21. Nb2 Ng4 22. gxh6 Re8+ 23. Be3 Qc2+ 24. Kf3 f5 25. Nd1 Qe4+ 26. Ke2 Nxh6 27. Kd2 f4 28. Bd4 Nf5 29. Bxg7 Nxg7 30. Kc1 Qd3 31. Rb1 Re2 32. Rb2 Rae8 33. Qg4 Rxb2 34. Nxb2 Qxc3+ 35. Kb1 f3 36. Rc1 Re1 37. Qg5 Kh7 38. h5 Rxc1+ 39. Qxc1 Qxc1+ 40. Kxc1 Nf5 41. Kd2 Kh6 42. Kd3 Kxh5 43. Ke4 Kg4 44. Nc4 Ng3+ 45. Ke3 Ne2 46. Ne5+ Kf5 47. Nxf3 Nc3 48. a3 Nd1+ 49. Ke2 Kf4 50. Nd2 Nb2 51. Nb3 Nc4 52. Kd3 Nd6 53. Nd4 Nf5 54. Ne6+ Ke5 55. Nc5 Nd6 56. Kc2 Kd5 57. Nd3 c5 58. a4 c4 59. Nc1 Kc5 60. Na2 Ne4 61. f4 a6 62. Kb2 Nf6 63. Nc3 Kb4 64. f5 a5 65. Kc2 Ka3 66. Kc1 Kb3 67. Kd2 b6 68. Ne2 Kxa4 69. Kc3 b5 0-1

[Event "Bayamo"]
[Site "Bayamo"]
[Date "1985.??.??"]
[Round "3"]
[White "Garcia Martinez, Silvino"]
[Black "Garcia Palermo, Carlos"]
[Result "1-0"]
[WhiteElo "2430"]
[BlackElo "2520"]
[PlyCount "73"]
[EventDate "1985.??.??"]
[Source "ChessBase"]

1. e4 c6 2. d4 d5 3. Nc3 dxe4 4. Nxe4 Bf5 5. Ng3 Bg6 6. h4 h6 7. Bc4 e6 8. N1e2 Na6 9. Nf4 Bh7 10. c3 Nc7 11. Qe2 Nf6 12. Rh3 Ncd5 13. Nd3 Qc7 14. a4 O-O-O 15. a5 c5 16. Nxc5 Bxc5 17. dxc5 Qxc5 18. a6 b6 19. h5 Rd6 20. Kf1 Rhd8 21. Kg1 Kd7 22. Rh4 Ke8 23. Bb3 b5 24. Ra5 Rb6 25. Bd2 Qc7 26. Rxb5 Nxc3 27. Bxc3 Bd3 28. Rxb6 Bxe2 29. Rb7 Qd6 30. Ba4+ Nd7 31. Rd4 Qxa6 32. Rbxd7 Rxd7 33. Bxd7+ Kf8 34. Ba4 Kg8 35. Rd8+ Kh7 36. Bc2+ f5 37. Nxf5 1-0

[Event "Cergy"]
[Site "?"]
[Date "2003.03.23"]
[Round "7"]
[White "Abergel Thal"]
[Black "Zelcic Robert"]
[Result "1-0"]
[WhiteElo "2365"]
[BlackElo "2576"]
[PlyCount "101"]
[EventDate "2003.??.??"]
[Source "www.chesslib.no"]
[SourceDate "2004.05.04"]

1. e4 c6 2. d4 d5 3. Nc3 dxe4 4. Nxe4 Bf5 5. Ng3 Bg6 6. h4 h6 7. Nh3 Nf6 8. Nf4 Bh7 9. Bc4 Nbd7 10. Bb3 e6 11. Qe2 Bd6 12. Ngh5 O-O 13. Be3 Qa5+ 14. Bd2 Bb4 15. O-O-O Bxd2+ 16. Rxd2 Qf5 17. Rg1 Qe4 18. g4 Qxe2 19. Rxe2 Nd5 20. g5 Bf5 21. gxh6 g6 22. Bxd5 cxd5 23. Ng3 Kh7 24. h5 Rg8 25. hxg6+ Bxg6 26. Nh3 Kxh6 27. Nf4 Nf6 28. f3 Rae8 29. Rh2+ Kg7 30. Ngh5+ Nxh5 31. Nxh5+ Kf8 32. Nf6 Ke7 33. Nxg8+ Rxg8 34. Kd2 Kf6 35. c3 Rc8 36. Ke3 b5 37. a4 bxa4 38. Ra1 Rc4 39. Kd2 Kg7 40. Ra3 e5 41. dxe5 d4 42. Rf2 Kf8 43. Rg2 Ke7 44. Rg4 Rc5 45. Rxd4 Rxe5 46. Rdxa4 Rd5+ 47. Rd4 Rh5 48. Rxa7+ Kf8 49. Ke3 Rh2 50. b4 Rc2 51. Rc7 1-0

[Event "Budapest FS06 GM"]
[Site "Budapest HUN"]
[Date "1993.??.??"]
[Round "10"]
[White "Tseitlin, Michael S"]
[Black "Brunner, Lucas"]
[Result "0-1"]
[WhiteElo "2485"]
[BlackElo "2455"]
[PlyCount "124"]
[EventDate "1993.06.??"]
[Source "www.chesslib.no"]
[SourceDate "2004.05.04"]

1. e4 c6 2. d4 d5 3. Nc3 dxe4 4. Nxe4 Bf5 5. Ng3 Bg6 6. h4 h6 7. Nh3 e6 8. Nf4 Bh7 9. Bc4 Nf6 10. Qe2 Bd6 11. c3 Nbd7 12. Bxe6 fxe6 13. Nxe6 Qe7 14. Nf5 Bxf5 15. Nxg7+ Kf7 16. Nxf5 Qxe2+ 17. Kxe2 Bc7 18. Nxh6+ Kg6 19. g4 Rae8+ 20. Be3 Rxh6 21. g5 Rh5 22. gxf6 Nxf6 23. Rag1+ Kf7 24. Kd3 Reh8 25. Bg5 Nh7 26. Be3 Bd8 27. Rg4 Nf6 28. Rf4 Ke6 29. c4 a6 30. Bd2 R8h7 31. a4 Kd7 32. b4 Ne8 33. Rb1 Nc7 34. Rg1 Ne6 35. Re4 Rxh4 36. Rg8 Rxe4 37. Kxe4 Rg7 38. Rxg7+ Nxg7 39. d5 Ne8 40. dxc6+ Kxc6 41. Be3 Nd6+ 42. Kd3 Nf5 43. b5+ Kd7 44. Ba7 Ke6 45. f3 Nd6 46. Bf2 Nc8 47. Kd4 Nb6 48. bxa6 bxa6 49. Kc5 Kd7 50. Kb4 Kc6 51. f4 Nd7 52. f5 a5+ 53. Ka3 Be7+ 54. Ka2 Bb4 55. Bd4 Kd6 56. Bg7 Nc5 57. Bd4 Nxa4 58. Kb3 Nc5+ 59. Bxc5+ Bxc5 60. Ka4 Bb6 61. c5+ Kxc5 62. f6 Kd6 0-1

[Event "It \"]
[Site "Peterhof (Russia)"]
[Date "2007.08.16"]
[Round "5"]
[White "Eliseev Alexei (RUS)"]
[Black "Yevseev Denis (RUS)"]
[Result "1/2-1/2"]
[WhiteElo "2421"]
[BlackElo "2515"]
[PlyCount "98"]
[EventDate "2007.??.??"]
[Source "www.chesslib.no"]
[SourceDate "2004.05.04"]

1. e4 c6 2. d4 d5 3. Nc3 dxe4 4. Nxe4 Bf5 5. Ng3 Bg6 6. h4 h6 7. Bc4 e6 8. N1e2 Nf6 9. c3 Bd6 10. Bf4 O-O 11. Bd3 Bxd3 12. Qxd3 c5 13. Bxd6 Qxd6 14. Ne4 Nxe4 15. Qxe4 Nc6 16. O-O-O Rad8 17. g4 f5 18. gxf5 exf5 19. Qf3 cxd4 20. Nxd4 Nxd4 21. Rxd4 Qe6 22. Rhd1 Rxd4 23. Rxd4 Rf7 24. a4 Rd7 25. Rxd7 Qxd7 26. Qe3 a6 27. Qe5 Kh7 28. a5 Kg6 29. c4 Kh5 30. Qd5 Qe7 31. Qxf5+ Kxh4 32. Kc2 g5 33. Kd3 g4 34. Qd5 Qf6 35. Qxb7 Qxf2 36. Qxa6 Qf3+ 37. Kc2 Qe4+ 38. Kb3 Qe3+ 39. Ka4 g3 40. Qc6 Kh3 41. Qh1+ Kg4 42. a6 Qd4 43. b4 Qxc4 44. Qxh6 Qa2+ 45. Kb5 Qd5+ 46. Ka4 Qd7+ 47. Ka5 Qd8+ 48. Kb5 Qd5+ 49. Ka4 Qa2+ 1/2-1/2

[Event "Hospitalet de Llobre IT"]
[Site "?"]
[Date "1973.10.23"]
[Round "3"]
[White "Diez del Corral Jesus"]
[Black "Pomar Salamanca Arturo"]
[Result "1/2-1/2"]
[WhiteElo "2495"]
[BlackElo "2435"]
[PlyCount "43"]
[EventDate "1973.??.??"]
[Source "www.chesslib.no"]
[SourceDate "2004.05.04"]

1. e4 c6 2. d4 d5 3. Nc3 dxe4 4. Nxe4 Bf5 5. Ng3 Bg6 6. h4 h6 7. Bc4 Nf6 8. Nh3 e6 9. Nf4 Bh7 10. O-O Bd6 11. Ngh5 O-O 12. Nxf6+ Qxf6 13. Nh5 Qxh4 14. g3 Qh3 15. Re1 Bg6 16. Nf4 Bxf4 17. Bxf4 Nd7 18. Re3 Nf6 19. Bf1 Qf5 20. Bd3 Qh3 21. Bf1 Qf5 22. Bd3 1/2-1/2

[Event "7. Int. Neckar Open (A)"]
[Site "Deizisau"]
[Date "2003.04.18"]
[Round "3"]
[White "Brustman, Agnieszka"]
[Black "Gustafsson, Jan"]
[Result "1-0"]
[WhiteElo "2354"]
[BlackElo "2573"]
[PlyCount "155"]
[EventDate "2003.04.17"]
[Source "Roberto Alvarez"]
[SourceDate "2003.04.28"]

1. e4 c6 2. d4 d5 3. Nc3 dxe4 4. Nxe4 Bf5 5. Ng3 Bg6 6. h4 h6 7. f4 e6 8. h5 Bh7 9. Nf3 Nf6 10. Bd3 Bxd3 11. Qxd3 Nbd7 12. Bd2 Qc7 13. Qe2 Bd6 14. Ne5 O-O 15. Ne4 Nxe4 16. Qxe4 Nf6 17. Qe2 c5 18. dxc5 Qxc5 19. O-O-O Rac8 20. c3 Rfd8 21. Kb1 Nd7 22. Be3 Qc7 23. Bd4 Nxe5 24. fxe5 Bc5 25. Rd2 Bxd4 26. cxd4 Rd7 27. g4 Qd8 28. Qe3 Rc4 29. Rhd1 Rd5 30. Qf4 a5 31. Rd3 a4 32. Rf1 Rd7 33. Rfd1 b5 34. Qd2 Rd5 35. a3 Qh4 36. Qf4 Qe7 37. Qd2 Qd8 38. Ka1 Qh4 39. Qf4 Qe7 40. Qd2 b4 41. axb4 Rxb4 42. Rc1 Rb3 43. Rc8+ Rd8 44. Rdc3 Rb8 45. R3c7 Qf8 46. Rxb8 Rxb8 47. Qc3 Qd8 48. Qc5 Ra8 49. Ka2 Qb8 50. Qc4 Qf8 51. d5 exd5 52. Qxd5 a3 53. b3 Rb8 54. Qd6 Qe8 55. Qe7 Qxe7 56. Rxe7 Ra8 57. e6 fxe6 58. Rxe6 Kf7 59. Re4 Kf6 60. Ra4 Rb8 61. Ra6+ Ke5 62. Kxa3 Rb7 63. b4 Kd5 64. Kb3 Kd4 65. Rd6+ Ke5 66. Rg6 Kd4 67. g5 hxg5 68. Rxg5 Ra7 69. b5 Ra1 70. Kb4 Rb1+ 71. Ka5 Kc4 72. Kb6 Rf1 73. Ka6 Ra1+ 74. Kb7 Ra5 75. Kc6 Ra8 76. Rg4+ Kd3 77. Rxg7 Rh8 78. b6 1-0

[Event "ch-AUS"]
[Site "Adelaide"]
[Date "2004.01.04"]
[Round "6"]
[White "Chapman, Mark"]
[Black "Rogers, Ian"]
[Result "1-0"]
[WhiteElo "2349"]
[BlackElo "2574"]
[PlyCount "105"]
[EventDate "2003.12.06"]
[Source "Roberto Alvarez"]
[SourceDate "2004.01.19"]

1. e4 c6 2. d4 d5 3. Nc3 dxe4 4. Nxe4 Bf5 5. Ng3 Bg6 6. h4 h6 7. Nh3 e6 8. Nf4 Bh7 9. Bc4 Na6 10. c3 Nc7 11. Nd3 Nf6 12. Ne5 Bd6 13. Qe2 O-O 14. Bg5 Ncd5 15. Bxd5 exd5 16. Bxf6 Qxf6 17. Nd7 Qf4 18. Nxf8 Kxf8 19. Nh5 Qf5 20. O-O Bg6 21. Ng3 Qf4 22. h5 Re8 23. Qf3 Qxf3 24. gxf3 Bh7 25. Rfe1 Ra8 26. Nf1 Bf5 27. Ne3 Bd7 28. Re2 a5 29. a4 Rd8 30. Kg2 f6 31. Rae1 Kf7 32. Kg1 Kf8 33. Kg2 Kf7 34. b3 Kf8 35. Rb1 Bc8 36. Rd1 Bd7 37. c4 dxc4 38. bxc4 Bb4 39. Kg1 Be8 40. Nc2 Bxh5 41. Kg2 Be7 42. d5 Be8 43. Nd4 Rd7 44. dxc6 bxc6 45. Rde1 Bf7 46. Nxc6 Bc5 47. Rb2 Kg8 48. Rb5 Ba3 49. Re3 Bf8 50. Rb8 g6 51. Re7 Rd6 52. Rc7 Re6 53. Rxf7 1-0

[Event "Budapest HUN"]
[Site "?"]
[Date "1996.11.03"]
[Round "2"]
[White "Fogarasi Tibor"]
[Black "Turov Maxim"]
[Result "0-1"]
[WhiteElo "2505"]
[BlackElo "2410"]
[PlyCount "70"]
[EventDate "1996.??.??"]
[Source "www.chesslib.no"]
[SourceDate "2004.05.04"]

1. e4 c6 2. d4 d5 3. Nc3 dxe4 4. Nxe4 Bf5 5. Ng3 Bg6 6. h4 h6 7. f4 e6 8. Nf3 Nd7 9. h5 Bh7 10. Bd3 Bxd3 11. Qxd3 Ngf6 12. Bd2 Qc7 13. Ne5 c5 14. O-O-O Bd6 15. Rhe1 O-O 16. Kb1 Rfd8 17. Ne4 Nxe4 18. Qxe4 Nf6 19. Qf3 cxd4 20. g4 Rac8 21. Rc1 Nd5 22. Nd3 Qc6 23. Qf2 Nc3+ 24. Bxc3 dxc3 25. b3 Bc5 26. Qe2 Rd5 27. g5 Qa6 28. gxh6 gxh6 29. Qg2+ Kf8 30. Qe4 Qa3 31. Re2 Rc6 32. Qa4 Qxa4 33. bxa4 Bd6 34. Ne5 Rb6+ 35. Ka1 Rb4 0-1

[Event "First Saturday GM - Marzo 2008"]
[Site "Budapest UNG"]
[Date "2008.03.06"]
[Round "6"]
[White "Llaneza Vega, Marcos"]
[Black "Antal, Gergely"]
[Result "0-1"]
[WhiteElo "2445"]
[BlackElo "2467"]
[PlyCount "120"]
[EventDate "2008.03.01"]
[Source "www.chesslib.no"]
[SourceDate "2004.05.04"]

1. e4 c6 2. d4 d5 3. Nc3 dxe4 4. Nxe4 Bf5 5. Ng3 Bg6 6. h4 h6 7. N1e2 Nf6 8. Nf4 Bh7 9. Bd3 Qxd4 10. Be3 Qd8 11. Qe2 Bxd3 12. Nxd3 Nbd7 13. O-O e6 14. Rad1 Bd6 15. Nc5 Bxc5 16. Bxc5 Qa5 17. b4 Qa6 18. Qxa6 bxa6 19. Rd6 Nxc5 20. bxc5 Ke7 21. Rxc6 Rhc8 22. Rxa6 Rxc5 23. Rb1 Rc7 24. Nf1 Nd5 25. Rb2 f5 26. Nd2 Nc3 27. Nf3 Rd8 28. Ne5 Rd1+ 29. Kh2 Kf6 30. Nd3 Nd5 31. Rb5 Ke7 32. Nc5 Nb6 33. a4 Rd6 34. Nb3 Nc8 35. Rba5 Rxc2 36. Rxd6 Kxd6 37. Nd4 Rc4 38. Ra6+ Nb6 39. Nb5+ Kc6 40. Kg3 Rg4+ 41. Kh3 Rxa4 42. Nxa7+ Kc5 43. Rxa4 Nxa4 44. Nc8 Nc3 45. Ne7 Nd5 46. Ng6 Kd4 47. Kg3 e5 48. Nf8 Nf4 49. Kf3 Kd5 50. g3 Ne6 51. Ng6 Nd4+ 52. Ke3 Nc6 53. f3 Ke6 54. g4 Kf6 55. Nf8 Nb8 56. h5 Nc6 57. Nh7+ Kf7 58. g5 Nd4 59. Kd3 Ne6 60. g6+ Ke7 0-1

[Event "Vijnce Toth mem"]
[Site "Rio de Janeiro"]
[Date "1999.02.04"]
[Round "5"]
[White "Galego, Luis"]
[Black "Izeta Txabarri, Felix"]
[Result "1-0"]
[WhiteElo "2395"]
[BlackElo "2516"]
[PlyCount "83"]
[EventDate "1999.01.??"]
[Source "ChessBase"]
[SourceDate "1999.03.01"]

1. e4 c6 2. d4 d5 3. Nc3 dxe4 4. Nxe4 Bf5 5. Ng3 Bg6 6. h4 h6 7. Nh3 Nf6 8. Nf4 Bh7 9. Bc4 e6 10. O-O Bd6 11. c3 O-O 12. Re1 Nd5 13. Bxd5 cxd5 14. Qg4 Kh8 15. Nfh5 Rg8 16. Bf4 Bxf4 17. Nxf4 Nd7 18. Re3 b5 19. Nd3 Bxd3 20. Rxd3 Nf6 21. Qe2 a5 22. Rf3 b4 23. Qe5 Ra7 24. Re1 bxc3 25. bxc3 Rb7 26. Rf4 Qb8 27. Qe3 Rb1 28. Rxb1 Qxb1+ 29. Kh2 Qg6 30. f3 Rb8 31. Qd2 a4 32. Qc1 Kg8 33. Kh3 Rb1 34. Qa3 Rd1 35. Qxa4 Rd2 36. c4 Qb1 37. Rxf6 Qg1 38. Qe8+ Kh7 39. Rxh6+ Kxh6 40. Qh8+ Kg6 41. Qh5+ Kf6 42. Qg5# 1-0

[Event "Geneve op"]
[Site "Geneve"]
[Date "1996.??.??"]
[Round "2"]
[White "Forster, Richard"]
[Black "Khenkin, Igor"]
[Result "1/2-1/2"]
[WhiteElo "2335"]
[BlackElo "2575"]
[PlyCount "70"]
[EventDate "1996.01.??"]
[Source "ChessBase"]

1. e4 c6 2. d4 d5 3. Nc3 dxe4 4. Nxe4 Bf5 5. Ng3 Bg6 6. h4 h6 7. Nh3 Nf6 8. Nf4 Bh7 9. Bc4 e6 10. Nfh5 Nbd7 11. c3 Rg8 12. Bf4 Nd5 13. Bd2 Bd6 14. Qf3 Qc7 15. O-O g6 16. Bxd5 cxd5 17. Nf6+ Nxf6 18. Qxf6 Qe7 19. Qf3 Qxh4 20. c4 Qxd4 21. cxd5 Qxd5 22. Ne4 Be7 23. Rfe1 Rd8 24. Bb4 f5 25. Bxe7 Kxe7 26. Rad1 Qa5 27. Nc3 Rxd1 28. Rxd1 Qb6 29. Qf4 Rd8 30. Rxd8 Kxd8 31. Qb8+ Kd7 32. Qh8 Qxb2 33. Qd4+ Kc6 34. Qc4+ Kd7 35. Qd4+ Kc6 1/2-1/2

[Event "Villa Martelli op2"]
[Site "?"]
[Date "1999.??.??"]
[Round "6"]
[White "Dorin Mauricio"]
[Black "Slipak Sergio David ARG"]
[Result "1/2-1/2"]
[WhiteElo "2385"]
[BlackElo "2521"]
[PlyCount "109"]
[EventDate "1999.??.??"]
[Source "www.chesslib.no"]
[SourceDate "2004.05.04"]

1. e4 c6 2. d4 d5 3. Nc3 dxe4 4. Nxe4 Bf5 5. Ng3 Bg6 6. h4 h6 7. N1e2 e6 8. Nf4 Bh7 9. c3 Nf6 10. Bd3 Bxd3 11. Nxd3 Be7 12. Nh5 O-O 13. Rh3 Nxh5 14. Qxh5 Qd5 15. Qg4 h5 16. Qf3 Nd7 17. Bg5 Qxf3 18. Rxf3 Rae8 19. Bxe7 Rxe7 20. Re3 Nf6 21. O-O-O Rc8 22. Re5 g6 23. f3 Rec7 24. Re2 Kf8 25. b3 Nd5 26. Kb2 b5 27. Nc5 a5 28. Rg1 Kg7 29. g3 Ra7 30. a4 Rb8 31. Kc2 Ne7 32. g4 Rh8 33. g5 Nf5 34. Re4 Rd8 35. Rd1 Raa8 36. Rd3 Rab8 37. axb5 cxb5 38. Rd1 Rd5 39. Ra1 Ra8 40. Kb2 Nd6 41. Re3 a4 42. Rxe6 a3+ 43. Kc2 b4 44. Re5 Rxe5 45. dxe5 Nf5 46. cxb4 Nxh4 47. f4 Ng2 48. b5 Rb8 49. Rxa3 Nxf4 50. Nd7 Rxb5 51. Ra8 Nd5 52. Nf6 Ne7 53. Ne8+ Kh7 54. Nf6+ Kg7 55. Ne8+ 1/2-1/2

[Event "Schwarzach op-A 18th"]
[Site "?"]
[Date "2003.08.26"]
[Round "4.3"]
[White "Karpatchev Aleksandr"]
[Black "Krivoshey Sergei"]
[Result "1/2-1/2"]
[WhiteElo "2397"]
[BlackElo "2507"]
[PlyCount "21"]
[EventDate "2003.??.??"]
[Source "www.chesslib.no"]
[SourceDate "2004.05.04"]

1. e4 c6 2. d4 d5 3. Nc3 dxe4 4. Nxe4 Bf5 5. Ng3 Bg6 6. h4 h6 7. Nh3 e6 8. Nf4 Bh7 9. Bc4 Nf6 10. Qe2 Bd6 11. Be3 1/2-1/2

[Event "HUN-chT 0203"]
[Site "?"]
[Date "2003.02.02"]
[Round "6"]
[White "Rovid Kalman"]
[Black "Kallai Gabor"]
[Result "1/2-1/2"]
[WhiteElo "2402"]
[BlackElo "2501"]
[PlyCount "28"]
[EventDate "2003.??.??"]
[Source "www.chesslib.no"]
[SourceDate "2004.05.04"]

1. e4 c6 2. d4 d5 3. Nc3 dxe4 4. Nxe4 Bf5 5. Ng3 Bg6 6. h4 h6 7. Bc4 Nf6 8. N1e2 e6 9. Nf4 Bh7 10. Ngh5 Nbd7 11. c3 Nxh5 12. Nxh5 Nf6 13. Bf4 Nxh5 14. Qxh5 Bd6 1/2-1/2

[Event "Horgen-B"]
[Site "Horgen"]
[Date "1995.??.??"]
[Round "2"]
[White "Forster, Richard"]
[Black "Brunner, Lucas"]
[Result "1-0"]
[WhiteElo "2370"]
[BlackElo "2530"]
[PlyCount "85"]
[EventDate "1995.10.??"]
[Source "ChessBase"]

1. e4 c6 2. d4 d5 3. Nc3 dxe4 4. Nxe4 Bf5 5. Ng3 Bg6 6. h4 h6 7. Nh3 e6 8. Nf4 Bh7 9. Bc4 Nf6 10. Nfh5 Nbd7 11. c3 Rg8 12. Bf4 Nd5 13. Bd2 Be7 14. Bb3 N7f6 15. Qf3 Qc7 16. c4 Nb6 17. O-O Nxh5 18. Nxh5 Bxh4 19. Bf4 Qd7 20. a4 Bg5 21. a5 Nc8 22. d5 Bxf4 23. Qxf4 Qd6 24. dxe6 Qxf4 25. Nxf4 fxe6 26. Nxe6 Ke7 27. Rfe1 Kf6 28. Nc7 Rb8 29. Re6+ Kg5 30. Rae1 Bf5 31. R1e5 g6 32. g3 Rd8 33. c5 b6 34. cxb6 axb6 35. a6 Na7 36. Bc4 Rd2 37. Re7 b5 38. Be2 Rxe2 39. Rxe2 Rb6 40. Ne6+ Bxe6 41. R2xe6 Rxa6 42. Rg7 b4 43. Rgxg6+ 1-0